<A> skills beyond school review of Egypt

Saved in:
Bibliographic Details
Main Author: Álvarez-Galván, José Luis
Format: Book
Language:English
Published: Paris OECD 2015
Series:OECD reviews of vocational education and training
Subjects:
Tags: Add Tag
No Tags, Be the first to tag this record!

MARC

LEADER 00000nam a2200000 4500
001 0210766
005 20240314123453.6
020 |a 978-92-64-20963-3 
041 0 |a eng 
044 |a FR 
245 1 0 |a <A> skills beyond school review of Egypt  |c José-Luis Álvarez-Galván 
264 1 |a Paris  |b OECD  |c 2015 
300 |a 88 s. 
490 1 |a OECD reviews of vocational education and training 
830 0 |a OECD reviews of vocational education and training 
610 2 0 |a školy 
610 2 0 |a vzdelávanie 
610 2 0 |a študenti 
610 2 0 |a vzdelávanie ďalšie 
610 2 0 |a trh práce 
610 2 0 |a miesta pracovné 
610 2 0 |a zručnosti 
610 2 0 |a gramotnosť 
610 2 0 |a matematika 
610 2 0 |a kvalita vzdelávania 
610 2 0 |a Egypt 
100 1 |a Álvarez-Galván, José Luis